00825nam a22001577a 4500999001700000082001200017100009300029245012200122260008500244300001300329500005500342536004600397650008000443942001200523952013200535 c38521d38521 aRR.0352 aRao, D. PullauDepartment of Economics, Andhra UniversityvVisakhapatnam, Andhra Pradesh aEducational Status of Scheduled Castes in Costal Region of Andhra Pradesh:bAttainments and Challenges/cD. Pulla Rao aVisakhapatnam, Andhra Pradesh:bIndian Council of Social Science Research,c2014 av, 426p. aIncluded Bibliographical References and Appendices aIndian Council of Social Science Research aScheduled castes (India)aCoastal RegionxCaste--South AsiazAndhra Pradesh 2ddccRP 001040718MRPaNASSDOCbNASSDOCd2023-06-28eResearch Report Divisionl0oRR.0352p53801r2023-06-28 00:00:00w2023-06-28yRP